000
00304nam a2200133Ia 4500
005
20251222140100.0
008
251222s1900||||xx |||||||||||||| ||spa||
020
_a
8402045081
082
_a
181.112/C76
100
_a
Confucio
245
0
_a
Los Cuatro Libros Clásicos
264
_b
Bruguera
942
_c
LIB
999
_c
3896
_d
3896